British birds - moderately difficult - Statistics

General Stats
  • This quiz has been taken 118 times
  • The average score is 11 of 16
Answer Stats
Picture Answer % Correct
Merlin
93%
Short-eared owl
88%
Treecreeper
85%
Sand martin
75%
Common tern
73%
Turnstone
73%
Stock dove
71%
Willow warbler
69%
Hen harrier
63%
Little grebe
59%
Black guillemot
58%
Pink-footed goose
58%
Spotted flycatcher
54%
Greenshank
53%
Black-throated diver
51%
Corn bunting
50%
No matching quizzes found
Score Distribution
Percent of People with Each Score
Percentile by Number Answered
Your Score History
You have not taken this quiz